|
|
|
|
| LEADER |
00000nam0a2200000 4500 |
| 001 |
303011 |
| 005 |
20231102001548.0 |
| 020 |
|
|
|a RU
|b 83-36281
|
| 035 |
|
|
|a (RuTPU)RU\TPU\book\328229
|
| 090 |
|
|
|a 303011
|
| 100 |
|
|
|a 20150828d1983 km y0rusy5003 ca
|
| 101 |
0 |
|
|a rus
|a eng
|
| 102 |
|
|
|a RU
|
| 105 |
|
|
|a a z 001zy
|
| 200 |
1 |
|
|a Магнитосферно-ионосферное взаимодействие
|f В. Б. Ляцкий, Ю. П. Мальцев
|
| 210 |
|
|
|a Москва
|c Наука
|d 1983
|
| 215 |
|
|
|a 192 с.
|c ил.
|
| 225 |
1 |
|
|a Результаты исследований по международным геофизическим проектам
|
| 320 |
|
|
|a Библиогр.: с. 181-188
|
| 327 |
0 |
|
|a Рез.: англ.
|
| 510 |
1 |
|
|a The magnetosphere-ionosphere interaction.
|z eng
|
| 606 |
1 |
|
|a Магнитно-ионосферные возмущения
|2 stltpush
|3 (RuTPU)RU\TPU\subj\40802
|9 60632
|
| 610 |
1 |
|
|a ионосфера
|
| 610 |
1 |
|
|a магнитное поле
|
| 610 |
1 |
|
|a Земля
|
| 610 |
1 |
|
|a околоземное пространство
|
| 610 |
1 |
|
|a космическое пространство
|
| 610 |
1 |
|
|a электрические токи
|
| 610 |
1 |
|
|a полярный ветер
|
| 610 |
1 |
|
|a плазмосфера
|
| 610 |
1 |
|
|a электромагнитные поля
|
| 610 |
1 |
|
|a электромагнитные передачи
|
| 610 |
1 |
|
|a диффузионный перенос
|
| 610 |
1 |
|
|a холодная плавка
|
| 675 |
|
|
|a 550.38
|z rus
|v 3
|
| 700 |
|
1 |
|a Ляцкий
|b В. Б.
|g Владислав Борисович
|4 070
|
| 701 |
|
1 |
|a Мальцев
|b Ю. П.
|g Юрий Павлович
|4 070
|
| 801 |
|
0 |
|a RU
|b RuMRKP
|c 19950704
|g psbo
|
| 801 |
|
1 |
|a RU
|b 63413507
|c 20150828
|
| 801 |
|
2 |
|a RU
|b 63413507
|c 20190626
|g RCR
|
| 942 |
|
|
|c BK
|